Science, technology, and art in international relations / (Record no. 29280)
[ view plain ]
| 000 -LEADER | |
|---|---|
| fixed length control field | 03341cam a22003858i 4500 |
| 001 - CONTROL NUMBER | |
| control field | 20792626 |
| 003 - CONTROL NUMBER IDENTIFIER | |
| control field | EG-ScBUE |
| 005 - DATE AND TIME OF LATEST TRANSACTION | |
| control field | 20210801115204.0 |
| 008 - FIXED-LENGTH DATA ELEMENTS--GENERAL INFORMATION | |
| fixed length control field | 181228s2019 nyu f b 001 0 eng d |
| 020 ## - INTERNATIONAL STANDARD BOOK NUMBER | |
| International Standard Book Number | 9781138668973 (pbk) |
| 040 ## - CATALOGING SOURCE | |
| Original cataloging agency | DLC |
| Language of cataloging | eng |
| Description conventions | rda |
| Transcribing agency | DLC |
| Modifying agency | EG-ScBUE |
| 082 04 - DEWEY DECIMAL CLASSIFICATION NUMBER | |
| Classification number | 327.101 |
| Item number | SCI |
| Edition number | 22 |
| 245 00 - TITLE STATEMENT | |
| Title | Science, technology, and art in international relations / |
| Statement of responsibility, etc | Edited by J.P. Singh, Madeline Carr and Renée Marlin-Bennett. |
| 264 #1 - PUBLICATION, DISTRIBUTION, ETC. (IMPRINT) | |
| Place of publication, distribution, etc | New York, NY ; |
| -- | London : |
| Name of publisher, distributor, etc | Routledge, |
| Date of publication, distribution, etc | 2019. |
| 300 ## - PHYSICAL DESCRIPTION | |
| Extent | xvii, 213 pages ; |
| Dimensions | 24 cm |
| 336 ## - CONTENT TYPE | |
| Content type term | text |
| Content type code | txt |
| Source | rdacontent |
| 337 ## - MEDIA TYPE | |
| Media type term | unmediated |
| Media type code | n |
| Source | rdamedia |
| 338 ## - CARRIER TYPE | |
| Carrier type term | volume |
| Carrier type code | nc |
| Source | rdacarrier |
| 504 ## - BIBLIOGRAPHY, ETC. NOTE | |
| Bibliography, etc | Includes bibliographical references and index. |
| 505 0# - FORMATTED CONTENTS NOTE | |
| Formatted contents note | Science, technology, and art in international relations : origins and prospects / J.P. Singh -- A role for phenomenology in ir scholarship / Alena Drieschova -- How to discomfort a worldview? : social sciences, surveillance technologies, and defamiliarization / Rocco Bellanova and Ann Rudinow Saetnan -- World-viewing as world-making : feminist technoscience, international relations, and the aesthetics of the anthropocene / Cara Daggett -- Emerging science and technologies : diplomacy, security, and governance / Margaret E. Kosal -- Constructed "cyber" realities & international relations theory / Ben Wagner -- Constructing an inventive order of rights : the geopolitics of island-building in transnational waters / Venilla Rajaguru -- IR's constitutive absence and the promise of STAIR / Maximilian Mayer -- "The heart is a pump. Or is it?" : the politics of biomedicine, the objectivity of science, and the way we know the world / Christina Hellmich -- Thinking through the science, technology, and art of medicine : an agenda for international relations / Alison Howell -- Oceanic artscapes and international relations / Camellia Webb-Gannon -- From the globe to the germ, and back / Michele Acuto -- Science in the international political economy / David J Hornsby -- Creativity as a worldview : power in collaborative practices / Willow Williamson -- Reflexivity and political analysis : if everything is socially constructed, how can we construct theories? / Peter M. Haas -- Art and agency : alternative spaces for subaltern voices / Mónica Trujillo-López -- Cookbooks, politics, and culture / Ilan Zvi Baron -- Human/nonhuman assemblages in STAIR : understanding distributed agency in international relations / Kathleen P. J. Brennan -- Resistance to a worldview / Ritu Mathur. |
| 650 #7 - SUBJECT ADDED ENTRY--TOPICAL TERM | |
| Topical term or geographic name as entry element | Science and international relations. |
| Source of heading or term | BUEsh |
| 650 #7 - SUBJECT ADDED ENTRY--TOPICAL TERM | |
| Topical term or geographic name as entry element | Technology and international relations. |
| Source of heading or term | BUEsh |
| 650 #7 - SUBJECT ADDED ENTRY--TOPICAL TERM | |
| Topical term or geographic name as entry element | International relations and culture. |
| Source of heading or term | BUEsh |
| 650 #7 - SUBJECT ADDED ENTRY--TOPICAL TERM | |
| Topical term or geographic name as entry element | International relations |
| General subdivision | Philosophy. |
| Source of heading or term | BUEsh |
| 653 ## - INDEX TERM--UNCONTROLLED | |
| Resource For college | Generalities |
| Arrived date list | August2021 |
| 655 ## - INDEX TERM--GENRE/FORM | |
| Form subdivision | Reading book |
| 9 (RLIN) | 34232 |
| 700 1# - ADDED ENTRY--PERSONAL NAME | |
| Personal name | Singh, J. P., |
| Dates associated with a name | 1961- |
| Relator term | editor. |
| 700 1# - ADDED ENTRY--PERSONAL NAME | |
| Personal name | Carr, Madeline, |
| Relator term | editor. |
| 700 1# - ADDED ENTRY--PERSONAL NAME | |
| Personal name | Marlin-Bennett, Renée, |
| Dates associated with a name | 1959- |
| Relator term | editor. |
| 9 (RLIN) | 38441 |
| 776 08 - ADDITIONAL PHYSICAL FORM ENTRY | |
| Display text | Online version: |
| Title | Science, technology, and art in international relations |
| Place, publisher, and date of publication | New York, NY : Routledge, Taylor & Francis Group, 2019 |
| International Standard Book Number | 9781315618371 |
| Record control number | (DLC) 2018061772 |
| 906 ## - LOCAL DATA ELEMENT F, LDF (RLIN) | |
| a | 7 |
| b | cbc |
| c | orignew |
| d | 1 |
| e | ecip |
| f | 20 |
| g | y-gencatlg |
| 942 ## - ADDED ENTRY ELEMENTS (KOHA) | |
| Source of classification or shelving scheme | Dewey Decimal Classification |
| Koha item type | Book - Borrowing |
| Withdrawn status | Lost status | Source of classification or shelving scheme | Damaged status | Not for loan | Collection code | Home library | Current library | Shelving location | Date acquired | Source of acquisition | Cost, normal purchase price | Serial Enumeration / chronology | Total Checkouts | Full call number | Barcode | Date last seen | Cost, replacement price | Price effective from | Koha item type |
|---|---|---|---|---|---|---|---|---|---|---|---|---|---|---|---|---|---|---|---|
| Dewey Decimal Classification | Academic Bookshop | Central Library | Central Library | First floor | 01/08/2021 | Purchase | 630.00 | 31174 | 327.101 SCI | 000050447 | 15/07/2025 | 787.50 | 01/08/2021 | Book - Borrowing |